[Event "Online Olym Div2 D"]
[Site "Chess.com INT"]
[Date "2021.09.02"]
[Round "2.2"]
[White "Flores Rodriguez, Astrid Aphril"]
[Black "Nassr, Ryma"]
[Result "1/2-1/2"]
[WhiteElo "1662"]
[BlackElo "1509"]
[PlyCount "100"]
[EventDate "2021.09.02"]
[EventType "team (rapid)"]
[EventRounds "9"]
[EventCountry "USA"]
[SourceTitle "CBM 204 Extra"]
[Source "ChessBase"]
[SourceDate "2021.11.30"]
[SourceVersion "1"]
[SourceVersionDate "2021.11.30"]
[SourceQuality "1"]
[WhiteTeam "Mexico"]
[BlackTeam "Algeria"]
[WhiteTeamCountry "MEX"]
[BlackTeamCountry "ALG"]

1. e4 e6 2. Nf3 d5 3. Nc3 dxe4 4. Nxe4 Nd7 5. d4 Ngf6 6. Bd3 Nxe4 7. Bxe4 Nf6 8. Bd3 c5 9. 0-0 cxd4 10. Nxd4 Be7 11. Re1 0-0 12. c3 Bd7 13. Qf3 Qb6 14. b3 Bc6 15. Nxc6 Qxc6 16. Qxc6 bxc6 17. Bb2 Rfd8 18. Rad1 Nd5 19. c4 Nb6 20. Be4 Rac8 21. Bc3 c5 22. Kf1 g6 23. Bf3 Kf8 24. Ke2 Nd7 25. Ba5 Nb6 26. Rh1 Rxd1 27. Rxd1 Rd8 28. Rxd8+ Bxd8 29. Bc3 Nd7 30. a3 a5 31. Bc6 Ke7 32. b4 axb4 33. axb4 Bb6 34. Bxd7 Kxd7 35. b5 Kd6 36. f4 Kd7 37. Bf6 Kd6 38. Kf3 h5 39. Ke4 Kd7 40. g3 Bc7 41. h3 Bb6 42. g4 hxg4 43. hxg4 Bc7 44. Be5 Bb6 45. g5 Ke7 46. Bc3 Bc7 47. Be5 Bb6 48. Bc3 Bc7 49. Bd2 Kd7 50. Bc3 Ke7 1/2-1/2